000 00823nam a2200241 a 4500
003 BD-DhJNU
005 20250730070355.0
008 880115s1985 ne b 000 0 eng
020 _a9004075593
040 _aBD-DhJNU
_bENG
_cBD-DhJNU
_dBD-DhJNU
082 0 0 _a955.0542 YOR
_219
100 1 _aYoussef, Michael
245 1 0 _aRevolt against modernity :
_bMuslim zealots and the west /
_cby Michael Youssef.
260 _aLeiden :
_bE.J. Brill,
_c1985.
300 _a189 p. ;
_c25 cm.
440 0 _aSocial, economic, and political studies of the Middle East =
_a Etudes sociales, economiques et politiques du Moyen Orient ;
_vv. 39
504 _aBibliography: p. [182]-189.
600 1 0 _aFaraj, Mu hammad Abd al-Sal am.
650 0 _aIslam
_y20th century.
650 0 _aIslam
_zEgypt.
650 0 _aJihad.
942 _cBK
999 _c1962
_d1962